| 000 | 00779nam a2200253 a 4500 | ||
|---|---|---|---|
| 999 |
_c7404 _d7404 |
||
| 001 | 3307 | ||
| 003 | BD-DhUAP | ||
| 005 | 20210120160901.0 | ||
| 008 | 201108r19981995ii a 000 0 eng d | ||
| 020 | _a8121906261 | ||
| 040 |
_aDLC _cCarP _dDLC _dBD-DhUAP _bEng |
||
| 082 | 0 | 4 |
_a530 ARO _223 |
| 100 | 1 | _aArora, C. L. | |
| 245 | 1 | 0 |
_aB. Sc. physics / _cC. L. Arora. |
| 250 | _a1st ed. | ||
| 260 |
_aNew Delhi : _bS. Chand & Company, _cc1995 [Reprinted 1998]. |
||
| 300 |
_avolumes : _billustrations ; _c23 cm. |
||
| 490 | _aRefresher course series. | ||
| 500 | _aIncluding solved short answer type questions and numerical problems. | ||
| 505 | _aV. 3- Nuclear physics and solid state physics and electronics. | ||
| 650 | 0 | _aPhysics. | |
| 942 |
_2ddc _cBK |
||